Fr. Conceicao Rodrigues College of Engineering

Introduction to the theory of Error correcting codes (Record no. 18277)

MARC details
000 -LEADER
fixed length control field 00297nam a2200133Ia 4500
082 ## - DEWEY DECIMAL CLASSIFICATION NUMBER
Classification number 3.54
Item number PLE
100 ## - MAIN ENTRY--PERSONAL NAME
Personal name Pless/Vera
245 ## - TITLE STATEMENT
Title Introduction to the theory of Error correcting codes
260 ## - PUBLICATION, DISTRIBUTION, ETC.
Name of publisher, distributor, etc. John Wiley
Date of publication, distribution, etc. 1998
300 ## - PHYSICAL DESCRIPTION
Extent 207
546 ## - LANGUAGE NOTE
Language note ENGLISH
654 ## - SUBJECT ADDED ENTRY--FACETED TOPICAL TERMS
Focus term error
942 ## - ADDED ENTRY ELEMENTS (KOHA)
Koha item type BOOK
Holdings
Withdrawn status Lost status Damaged status Not for loan Collection Home library Current library Date acquired Total Checkouts Full call number Barcode Date last seen Price effective from Koha item type
        CRC Fr. Agnel's C.Rodrigues College of Engineering Fr. Agnel's C.Rodrigues College of Engineering 17/03/2023   3.54 PLE 13335 17/03/2023 17/03/2023 BOOK
        CRC Fr. Agnel's C.Rodrigues College of Engineering Fr. Agnel's C.Rodrigues College of Engineering 17/03/2023   3.54 PLE 13336 17/03/2023 17/03/2023 BOOK